000 00618nam a2200205Ia 4500
005 20260122071714.0
008 160316s1966 xxu||||| |||| 00| 0 eng d
020 _a9789024703999 (pbk.)
082 _a341.000000
_bLAN
100 _aLandheer, Bart
245 _aOn the sociology of international law and international society /
_c Bart Landheer
260 _aThe Hague :
_bKluwer Academic Publishers,
_c1966.
300 _a118 p. ;
_c23 cm.
365 _bRs. 5,456
650 _aInternational Law
650 _aSociological Jurisprudence
650 _aInternational Society
700 _a
_a
942 _2ddc
_cBK
999 _c28313
_d28313